Special report (Record no. 81590)
[ view plain ]
| 000 -LEADER | |
|---|---|
| fixed length control field | 00831cab a22001935a 4500 |
| 001 - CONTROL NUMBER | |
| control field | L147630 |
| 008 - FIXED-LENGTH DATA ELEMENTS--GENERAL INFORMATION | |
| fixed length control field | 090601e20090522xxkd f 000 0 eng d |
| 035 ## - SYSTEM CONTROL NUMBER | |
| System control number | (Sirsi) u147630 |
| 041 0# - LANGUAGE CODE | |
| Language code of text/sound track or separate title | eng |
| 100 1# - MAIN ENTRY--PERSONAL NAME | |
| Personal name | Watson, Stuart |
| 245 00 - TITLE STATEMENT | |
| Title | Special report |
| Remainder of title | sheds |
| 260 ## - PUBLICATION, DISTRIBUTION, ETC. | |
| Date of publication, distribution, etc. | 2009 |
| 490 #0 - SERIES STATEMENT | |
| Series statement | Property Week |
| Volume/sequential designation | 75(21) 22 May 2009, 55-65(6) |
| 520 ## - SUMMARY, ETC. | |
| Summary, etc. | Investigates the green shoots appearing in the sheds investment market and follows the fortunes of four shed sector personalities facing the challenges of and opportunities for new ventures in a downturn. Presents research from Savills showing the market for 100 000 sq ft plus sheds altering in favour of occupiers. Tables. Chart. |
| 590 ## - LOCAL NOTE (RLIN) | |
| Local note | KA |
| 651 #4 - SUBJECT ADDED ENTRY--GEOGRAPHIC NAME | |
| Geographic name | England and Wales |
| Chronological subdivision | 1543- |
| 690 ## - LOCAL SUBJECT ADDED ENTRY--TOPICAL TERM (OCLC, RLIN) | |
| Topical term or geographic name as entry element | PROPERTY-INDUSTRIAL PROPERTY-WAREHOUSE PROPERTY-WAREHOUSES |
| 942 ## - ADDED ENTRY ELEMENTS (KOHA) | |
| Suppress in OPAC | 0 |
| Withdrawn status | Lost status | Source of classification or shelving scheme | Damaged status | Not for loan | Home library | Current library | Shelving location | Date acquired | Total Checkouts | Full call number | Barcode | Date last seen | Copy number | Price effective from | Koha item type |
|---|---|---|---|---|---|---|---|---|---|---|---|---|---|---|---|
| Dewey Decimal Classification | London | London | Journal article | 01/06/2009 | L147630 | 147630-1001 | 06/08/2019 | 1 | 06/08/2019 | Journal article |